书目信息 |
| 题名: |
美国文化教育休闲体育管窥——访学散记
|
|
| 作者: | 张宏 著 | |
| 分册: | ||
| 出版信息: | 广州 广东高等教育出版社 2017 |
|
| 页数: | 198页 | |
| 开本: | 21cm | |
| 丛书名: | ||
| 单 册: | ||
| 中图分类: | G40-055 , G817.124 | |
| 科图分类: | ||
| 主题词: | 文化教育--研究--美国 , 休闲体育--研究--美国 | |
| 电子资源: | ||
| ISBN: | 978-7-5361-5911-2 | |
| 000 | 00851nam0 2200241 450 | |
| 001 | 1683 | |
| 005 | 20180522135255.21 | |
| 010 | @a978-7-5361-5911-2@dCNY23.00 | |
| 100 | @a20171222d2017 em y0chiy50 ea | |
| 101 | 0 | @achi |
| 102 | @aCN@b440000 | |
| 105 | @aa z 000yy | |
| 200 | 1 | @a美国文化教育休闲体育管窥——访学散记@9mei guo wen hua jiao yu xiu xian ti yu guan kui—— fang xue san ji@f张宏著 |
| 210 | @a广州@c广东高等教育出版社@d2017 | |
| 215 | @a198页@c图@d21cm | |
| 330 | @a本书内容:《初来乍到》、《一堂有些不尽如人意的课》、《获得幸福的思维方式》、《第一次上一对一的英语课》、《为食堂老太太退休举行的欢送会》。 | |
| 606 | 0 | @a文化教育@x研究@y美国 |
| 606 | 0 | @a休闲体育@x研究@y美国 |
| 690 | @aG40-055@v5 | |
| 690 | @aG817.124@v5 | |
| 701 | 0 | @a张宏@9zhang hong@4著 |
| 801 | 0 | @aCN@b91MARC@c20171222 |
| 905 | @aMuseLib@dG40-055@e832 | |
| 美国文化教育休闲体育管窥——访学散记/张宏著.-广州:广东高等教育出版社,2017 |
| 198页:图;21cm |
| ISBN 978-7-5361-5911-2:CNY23.00 |
| 本书内容:《初来乍到》、《一堂有些不尽如人意的课》、《获得幸福的思维方式》、《第一次上一对一的英语课》、《为食堂老太太退休举行的欢送会》。 |
| ● |
| 相关链接 |
|
|
|
|
正题名:美国文化教育休闲体育管窥——访学散记
索取号:G40-055/832
 
预约/预借
| 序号 | 登录号 | 条形码 | 馆藏地/架位号 | 状态 | 备注 |
| 1 | 1105979 | 211059799 | 第一样本阅览室/ [索取号:G40-055/832] | 在馆 | |
| 2 | 1105980 | 211059806 | 教育系资料室/ [索取号:G40-055/832] | 在馆 | |
| 3 | 1105981 | 211059815 | 教育系资料室/ [索取号:G40-055/832] | 在馆 | |
| 4 | 1105982 | 211059824 | 教育系资料室/ [索取号:G40-055/832] | 在馆 | |
| 5 | 1105983 | 211059833 | 第四借阅区/ [索取号:G40-055/832] | 在馆 | |
| 6 | 1105984 | 211059842 | 第四借阅区/ [索取号:G40-055/832] | 在馆 |